| 000 | 00441nam a2200169 i 4500 | ||
|---|---|---|---|
| 001 | 67784 | ||
| 003 | ES-MaACL | ||
| 005 | 20230906170140.0 | ||
| 007 | t| | ||
| 008 | 040205s1924 fr ||||1| fre d | ||
| 100 | 1 |
_aGalzy, Jeanne. _953734 |
|
| 245 | 1 | 3 |
_aLa femme chez les garçons / _cJeanne Galzy. |
| 250 | _a14eme ed. | ||
| 260 |
_aMayenne : _b[s.n., _c1924] ( _fImp. Floch) |
||
| 300 |
_a249 p. ; _c19 cm. |
||
| 852 |
_aES-MaACL _jF-1591 |
||
| 999 |
_c67784 _d67784 |
||